LEADER 01269nas 2200421 a 450 001 996200978203316 005 20221206191636.0 011 $a1873-1414 035 $a(OCoLC)41970231 035 $a(CKB)954925621207 035 $a(CONSER) 2003233853 035 $a(DE-599)ZDB1497225-6 035 $a(EXLCZ)99954925621207 100 $a19990728a19969999 sy a 101 0 $aeng 135 $aurmnu||||| 200 10$aJournal of sea research$b[e-journal] 210 $aDen Burg, Texel $cNetherlands Institute for Sea Research$d1996- 300 $aTitle from contents screen (ScienceDirect, viewed Dec. 18, 2003). 300 $aPublished: [Amsterdam] : Elsevier Science, 300 $aRefereed/Peer-reviewed 311 $a1385-1101 517 1 $aJSR 517 $aJournal of sea research 531 $aJ SEA RES 531 0 $aJ. sea res. 531 1 $aJ. sea res. 531 $aJ. SEA RES 606 $aOceanography$vPeriodicals 606 $aMarine biology$vPeriodicals 608 $aPeriodicals. 615 0$aOceanography 615 0$aMarine biology 712 02$aNederlands Instituut voor Onderzoek der Zee. 906 $aJOURNAL 912 $a996200978203316 996 $aJournal of sea research$9976753 997 $aUNISA LEADER 00926nam 2200349 450 001 9910155579303321 005 20230808205532.0 010 $a1-5154-1314-4 035 $a(CKB)4340000000019443 035 $a(MiAaPQ)EBC4758055 035 $a(EXLCZ)994340000000019443 100 $a20161215h20162016 uy 0 101 0 $aeng 135 $aurcnu|||||||| 181 $2rdacontent 182 $2rdamedia 183 $2rdacarrier 200 10$aPascal's pensees /$fby Blaise Pascal 210 1$a[Lanham, Maryland] :$cDancing Unicorn Books,$d2016. 210 4$d©2016 215 $a1 online resource (327 pages) 606 $aApologetics$vEarly works to 1800 615 0$aApologetics 676 $a239.1 700 $aPascal$b Blaise $028760 801 0$bMiAaPQ 801 1$bMiAaPQ 801 2$bMiAaPQ 906 $aBOOK 912 $a9910155579303321 996 $aPascal's pensees$93410273 997 $aUNINA LEADER 02346nas 2200733-a 450 001 9910147020103321 005 20250917110105.0 011 $a1872-809X 035 $a(DE-599)ZDB1462690-1 035 $a(CKB)954926250616 035 $a(CONSER)---97642203- 035 $a(DE-599)1462690-1 035 $a(EXLCZ)99954926250616 100 $a19970729b19972005 --- a 101 0 $aeng 181 $ctxt$2rdacontent 182 $cc$2rdamedia 183 $acr$2rdacarrier 200 00$aBrain research$iBrain research protocols 210 $aAmsterdam ;$aNew York $cElsevier$d©1997-©2005 215 $a1 online resource 300 $aRefereed/Peer-reviewed 311 08$aPrint version: Brain research. 1385-299X (DLC) 97642203 (OCoLC)37377697 517 3 $aBrain research protocols 531 $aBRAIN RES PROTOC 531 $aBRAIN RES P 531 $aBRAIN RESEARCH. BRAIN RESEARCH PROTOCOLS 531 $aBRAIN RES BRAIN RES PROTOC 531 0 $aBrain res. protoc. 531 10$aBrain Res Brain Res Protoc 606 $aBrain$xResearch$xMethodology$vPeriodicals 606 $aNeurosciences$xMethodology$vPeriodicals 606 $aBrain$xResearch$xMethodology$2fast$3(OCoLC)fst00837664 606 $aNeurosciences$xMethodology$2fast$3(OCoLC)fst01036515 606 $aProtocollen (zorgsector)$2gtt 606 $aNeurowetenschappen$2gtt 606 $aBrain 606 $aNeurosciences$xinstrumentation 606 $aNeurosciences$xmethods 606 $aResearch$xinstrumentation 606 $aResearch Design 608 $aPeriodicals.$2fast 608 $aFulltext. 608 $aPeriodicals. 608 $aInternet Resources. 608 $aPeriodicals.$2lcgft 608 $aPeriodical. 615 0$aBrain$xResearch$xMethodology 615 0$aNeurosciences$xMethodology 615 7$aBrain$xResearch$xMethodology. 615 7$aNeurosciences$xMethodology. 615 17$aProtocollen (zorgsector) 615 17$aNeurowetenschappen. 615 02$aBrain. 615 02$aNeurosciences$xinstrumentation. 615 02$aNeurosciences$xmethods. 615 02$aResearch$xinstrumentation. 615 02$aResearch Design. 676 $a612.82 906 $aJOURNAL 912 $a9910147020103321 920 $aexl_impl conversion 996 $aBrain research$9798614 997 $aUNINA